000 00642nam a22001697a 4500
008 160604b xxu||||| |||| 00| 0 eng d
082 _22008
_aUT 0164
_bSa73
100 _910111
_aSargado, Franklin John O.
245 _aBilingualism in instruction and the communicative competence of fourth year students/
_cFranklin John O. Sagrado [and three others].
260 _aDigos City:
_bUMDC
_cOctober 2008.
300 _a72 pages;
_c28 cm.
650 0 _910110
_aEducation
_vFilipino
_xUndergraduate thesis.
700 _910107
_aPatao-in, Christine A.
700 _910108
_aAbule, Felix S.
_bJr.
700 _910109
_aBedania, Alma D.
942 _2ddc
_cUT
999 _c3026
_d3026